[Event "21st TCh-RUS 2014"]
[Site "Loo RUS"]
[Date "2014.04.11"]
[Round "5.6"]
[Board "3"]
[White "Goryachkina, Aleksandra"]
[Black "Kokarev, Dmitry"]
[Result "0-1"]
[WhiteTitle "WGM"]
[BlackTitle "GM"]
[WhiteElo "2423"]
[BlackElo "2621"]
[WhiteTeam "Yamal"]
[BlackTeam "Polytechnic (Nizhny Tagil)"]
[WhiteFideId "4147103"]
[BlackFideId "4132181"]
[EventDate "2014.04.07"]

1. d4 g6 2. c4 Bg7 3. e4 c5 4. d5 d6 5. Bd3 e6 6. h3 Ne7 7. Nf3 O-O 8. Nc3 h6 9.
Qc2 exd5 10. Nxd5 Nxd5 11. cxd5 Na6 12. O-O Nb4 13. Qd1 Nxd3 14. Qxd3 f5 15. Nd2
Qh4 16. a4 Bd7 17. Ra3 b6 18. exf5 Bxf5 19. Qc4 Bd4 20. Re3 Qf6 21. Rb3 Qf7 22.
Nf3 Bg7 23. Nh4 Rae8 24. Nxf5 Qxf5 25. Rf3 Qe4 26. Rxf8+ Bxf8 27. Qb3 Re5 28.
Rd1 Qe2 29. Rf1 Re4 30. Qg3 g5 31. b3 Rd4 32. Be3 Rd1 33. Rxd1 Qxd1+ 34. Kh2
Qxd5 35. h4 Be7 36. f4 Qxb3 37. hxg5 hxg5 38. fxg5 Qe6 39. Bf4 Kg7 40. Qc3+ Kg8
41. Qf3 Kg7 42. Qc3+ Kg6 43. Qd3+ Qf5 44. Qe3 d5 45. Bg3 Bxg5 46. Qe8+ Qf7 47.
Qc6+ Kh7 0-1

[Event "21st TCh-RUS 2014"]
[Site "Loo RUS"]
[Date "2014.04.11"]
[Round "5.6"]
[Board "4"]
[White "Maletin, Pavel"]
[Black "Okara, Andrey"]
[Result "1-0"]
[WhiteTitle "GM"]
[BlackTitle "IM"]
[WhiteElo "2582"]
[BlackElo "2347"]
[WhiteTeam "Polytechnic (Nizhny Tagil)"]
[BlackTeam "Yamal"]
[WhiteFideId "4146786"]
[BlackFideId "4181360"]
[EventDate "2014.04.07"]

1. c4 e5 2. g3 Nf6 3. Bg2 d5 4. cxd5 Nxd5 5. Nc3 Nb6 6. Nf3 Nc6 7. O-O Be7 8. a3
O-O 9. d3 f6 10. b4 Be6 11. Ne4 Bf7 12. Qc2 Qd7 13. Rb1 Rab8 14. Bb2 a6 15. Rfc1
Rfc8 16. Ba1 Nd5 17. Nc5 Bxc5 18. Qxc5 Nde7 19. Qc2 Ng6 20. a4 Nce7 21. d4 exd4
22. Nxd4 c6 23. Rd1 Qe8 24. e4 Ne5 25. Bh3 Rd8 26. Ne6 Rxd1+ 27. Rxd1 N7g6 28.
Nc5 Nf3+ 29. Kh1 Nge5 30. Bg2 b6 31. Nxa6 Rd8 32. a5 bxa5 33. bxa5 h5 34. Nc5
Rxd1+ 35. Qxd1 Qe7 36. Bxe5 Nxe5 37. Qd4 Qc7 38. Qa1 Qa7 39. a6 Bc4 40. Kg1 Kh7
41. Qa3 Qb6 42. h3 Qb1+ 43. Kh2 Qe1 44. Qe3 Qa1 45. f4 Ng6 46. Qf3 Kh6 47. e5
fxe5 48. f5 Ne7 49. Qe3+ Kh7 50. Qg5 Qa2 51. Qxh5+ Kg8 52. Qe8+ Kh7 53. Qxe7 1-0

[Event "21st TCh-RUS 2014"]
[Site "Loo RUS"]
[Date "2014.04.11"]
[Round "5.6"]
[Board "5"]
[White "Savitskiy, Sergey"]
[Black "Vokarev, Sergey"]
[Result "1-0"]
[WhiteTitle "FM"]
[BlackTitle "GM"]
[WhiteElo "2356"]
[BlackElo "2468"]
[WhiteTeam "Yamal"]
[BlackTeam "Polytechnic (Nizhny Tagil)"]
[WhiteFideId "24105660"]
[BlackFideId "4119711"]
[EventDate "2014.04.07"]

1. e4 c5 2. Nf3 Nc6 3. d4 cxd4 4. Nxd4 Nf6 5. Nc3 g6 6. Nxc6 dxc6 7. Qxd8+ Kxd8
8. Bf4 Nd7 9. O-O-O Ke8 10. h4 e5 11. Bd2 h5 12. a4 a5 13. Bc4 Bh6 14. Bxh6 Rxh6
15. Rd2 Rh8 16. Rhd1 Rf8 17. Nb5 Ke7 18. Nd6 Nc5 19. f3 b6 20. b3 Ra7 21. Bxf7 1-0

[Event "21st TCh-RUS 2014"]
[Site "Loo RUS"]
[Date "2014.04.11"]
[Round "5.6"]
[Board "6"]
[White "Pogromsky, Mikhail"]
[Black "Rozhkov, Vecheslav"]
[Result "1-0"]
[WhiteTitle "IM"]
[WhiteElo "2418"]
[BlackElo "2337"]
[WhiteTeam "Polytechnic (Nizhny Tagil)"]
[BlackTeam "Yamal"]
[WhiteFideId "4184688"]
[BlackFideId "4181484"]
[EventDate "2014.04.07"]

1. Nf3 d5 2. c4 e6 3. g3 Nf6 4. Bg2 Be7 5. O-O O-O 6. d4 dxc4 7. Qc2 Bd7 8. Qxc4
Bc6 9. Nc3 Nbd7 10. Qd3 a6 11. Rd1 Bb4 12. a3 Bxc3 13. Qxc3 Be4 14. b3 a5 15. a4
Nd5 16. Qd2 Re8 17. Ba3 Ra6 18. Ne5 Bxg2 19. Kxg2 f6 20. Nc4 f5 21. f3 N7f6 22.
Nxa5 Rxa5 23. Qxa5 Ne3+ 24. Kf2 Nxd1+ 25. Rxd1 e5 26. d5 e4 27. d6 exf3 28. exf3
cxd6 29. Qxd8 Rxd8 30. Rxd6 Rc8 31. Rb6 Rc2+ 32. Ke1 Nd5 33. Rxb7 g5 34. Rd7 Ne3
35. Rd2 Rc3 36. Ke2 f4 37. gxf4 gxf4 38. Bd6 Rxb3 39. Bxf4 Nf5 40. Rd5 Ne7 41.
Rb5 Ra3 42. Rb8+ Kf7 43. Ra8 Nc6 44. Bc7 Nd4+ 45. Kd1 Rd3+ 46. Ke1 Nxf3+ 47. Ke2
Rc3 48. Ra7 Ke6 49. Kf2 Nd4 50. a5 h5 51. h4 Rf3+ 52. Kg2 Ra3 53. Bb6 Ra2+ 54.
Kf1 Nf3 55. Ra8 Nd2+ 56. Ke1 Nc4 57. Bd8 Kd7 58. a6 Nd6 59. Bb6 Nc8 60. Bf2 Kc7
61. Kf1 Nb6 62. Rh8 Rxa6 63. Rxh5 Nd7 64. Rd5 Kd8 65. Kg2 Ke8 66. Kf3 Nf6 67.
Rb5 Kf7 68. h5 Ra4 69. Bg3 Ra3+ 70. Kf4 Ra4+ 71. Kf5 Nxh5 72. Rb7+ Kg8 73. Be5
Ra6 74. Re7 Ra5 75. Kg6 Kf8 76. Re6 Rd5 77. Bd6+ Rxd6 78. Rxd6 Ke7 79. Rd1 Ng3
80. Re1+ Kd6 81. Re3 Nf1 82. Re1 Ng3 83. Re3 Nf1 84. Rf3 Nh2 85. Rf4 Ke7 86. Rf2 1-0

[Event "21st TCh-RUS 2014"]
[Site "Loo RUS"]
[Date "2014.04.12"]
[Round "6.1"]
[Board "3"]
[White "Leko, Peter"]
[Black "Artemiev, Vladislav"]
[Result "1/2-1/2"]
[WhiteTitle "GM"]
[BlackTitle "IM"]
[WhiteElo "2730"]
[BlackElo "2636"]
[WhiteTeam "Malachite (Sverdlovsk region)"]
[BlackTeam "Rook (Kazan)"]
[WhiteFideId "703303"]
[BlackFideId "24101605"]
[EventDate "2014.04.07"]

1. d4 d5 2. c4 c6 3. cxd5 cxd5 4. Bf4 Nc6 5. e3 Nf6 6. Nc3 a6 7. Bd3 Bg4 8. Nge2
e6 9. O-O Be7 10. Rc1 O-O 11. Na4 Nd7 12. f3 Bh5 13. Qb3 Ra7 14. Bg3 Bg6 15. Nf4
Na5 16. Qc3 b5 17. Nc5 Nxc5 18. dxc5 Bf6 19. Qc2 Nc4 20. Nxg6 hxg6 21. Bxc4 bxc4
22. b3 Be7 23. bxc4 Bxc5 24. Bf2 dxc4 25. Qxc4 Bb6 26. Rb1 Ra8 27. Rfd1 Qc7 28.
Qxc7 Bxc7 29. Kf1 Rfb8 30. Ke2 Kf8 31. h3 Ke7 32. e4 Bd6 33. Bd4 e5 34. Be3 Ke6
35. a4 Rxb1 36. Rxb1 Rb8 37. Rxb8 Bxb8 38. Kd3 Kd7 39. Kc4 Kc6 40. h4 Bd6 41. g4
Be7 42. h5 g5 43. Bd2 f6 44. Ba5 Bf8 45. Bd8 Kd7 46. h6 gxh6 47. Bxf6 Kd6 48.
Bd8 Kc6 49. Ba5 Be7 50. Bc3 Bd6 51. Bb2 Bc7 52. Bc1 Bd6 53. Be3 Be7 54. Bf2 Bf8
55. Bg3 Bd6 56. Bh2 Bc7 57. Kb4 Bd6+ 58. Kc4 Bc7 59. Bg1 Bd6 60. Ba7 Bc7 61. Be3
Bd6 62. Bd2 Bc7 63. Bb4 Bd6 64. Ba5 Be7 65. Bc3 Bd6 66. Bb2 Bc7 67. Kb4 Bd6+ 68.
Kc4 Bc7 69. Ba1 Bd6 70. Bc3 Bc7 71. Be1 Bd6 72. Bg3 Bc7 73. Kb4 Bd6+ 74. Kb3 Bc7
75. Kc4 Bd6 1/2-1/2

[Event "21st TCh-RUS 2014"]
[Site "Loo RUS"]
[Date "2014.04.12"]
[Round "6.1"]
[Board "4"]
[White "Volokitin, Andrei"]
[Black "Shirov, Alexei"]
[Result "1/2-1/2"]
[WhiteTitle "GM"]
[BlackTitle "GM"]
[WhiteElo "2647"]
[BlackElo "2702"]
[WhiteTeam "Rook (Kazan)"]
[BlackTeam "Malachite (Sverdlovsk region)"]
[WhiteFideId "14107090"]
[BlackFideId "2209390"]
[EventDate "2014.04.07"]

1. e4 c5 2. Nf3 Nc6 3. d4 cxd4 4. Nxd4 e5 5. Nb5 d6 6. c4 Be7 7. N1c3 a6 8. Na3
Be6 9. Nc2 Bg5 10. Be2 Bxc1 11. Rxc1 Nf6 12. O-O O-O 13. Qd2 Qb6 14. Qxd6 Qxb2
15. Qd3 Qb6 16. Nd5 Qd8 17. Rfd1 Nd7 18. Qa3 Qb8 19. c5 Qa7 20. Nc7 Rad8 21.
Nxe6 fxe6 22. Ne1 Nd4 23. Bf1 Nb8 24. Nd3 Nbc6 25. Rb1 Qb8 26. Rb6 Rd7 27. Rdb1
Qc8 28. Qb2 Rff7 29. Qc3 Qd8 30. a4 Qh4 31. Qe1 Nf3+ 32. gxf3 Nd4 33. Bg2 Nxf3+
34. Bxf3 Rxf3 35. c6 Qg4+ 36. Kh1 Rfxd3 37. cxd7 Qf3+ 38. Kg1 Qg4+ 39. Kf1 1/2-1/2

[Event "21st TCh-RUS 2014"]
[Site "Loo RUS"]
[Date "2014.04.12"]
[Round "6.1"]
[Board "5"]
[White "Malakhov, Vladimir"]
[Black "Timofeev, Artyom"]
[Result "1/2-1/2"]
[WhiteTitle "GM"]
[BlackTitle "GM"]
[WhiteElo "2701"]
[BlackElo "2610"]
[WhiteTeam "Malachite (Sverdlovsk region)"]
[BlackTeam "Rook (Kazan)"]
[WhiteFideId "4120787"]
[BlackFideId "4140419"]
[EventDate "2014.04.07"]

1. e4 c5 2. Nf3 e6 3. g3 Nc6 4. Bg2 Nf6 5. Qe2 d5 6. exd5 Nxd5 7. O-O g6 8. Nc3
Bg7 9. Qb5 Qb6 10. Nxd5 exd5 11. Qe2+ Be6 12. Ng5 Nd4 13. Qd1 O-O 14. c3 Nc6 15.
Nxe6 fxe6 16. d3 Ne5 17. Qe2 Qa6 18. Rd1 c4 19. d4 Nf7 20. Re1 Rfe8 21. h4 Rad8
22. Bf4 b5 23. Qd2 Bf6 24. Re2 Re7 25. Rae1 Rde8 26. a3 Qc6 27. Re3 a5 28. Qe2
b4 29. axb4 axb4 30. Qg4 bxc3 31. bxc3 e5 32. dxe5 Nxe5 33. Qd1 Nd3 34. Rxe7
Rxe7 35. Rxe7 Bxe7 36. Be3 Bc5 37. Qf3 Kg7 38. h5 gxh5 39. Qxh5 Bxe3 40. fxe3
Qf6 41. Qg4+ Qg6 42. Qxg6+ hxg6 43. Bxd5 Nb2 44. Kf2 Nd1+ 45. Kf3 Nxc3 46. Bxc4
Kf6 47. Bd3 g5 48. Bc2 Ke5 49. Kg4 Kf6 50. e4 Ne2 51. Bd3 Nd4 52. e5+ Kxe5 53.
Kxg5 Ne6+ 54. Kh6 Kf6 55. g4 Ng5 56. Bc4 Nf3 57. Bb3 Ng5 58. Bd5 Nh3 59. Bg2 1/2-1/2

[Event "21st TCh-RUS 2014"]
[Site "Loo RUS"]
[Date "2014.04.12"]
[Round "6.1"]
[Board "6"]
[White "Makhmutov, Rail"]
[Black "Lysyj, Igor"]
[Result "1/2-1/2"]
[WhiteTitle "FM"]
[BlackTitle "GM"]
[WhiteElo "2414"]
[BlackElo "2662"]
[WhiteTeam "Rook (Kazan)"]
[BlackTeam "Malachite (Sverdlovsk region)"]
[WhiteFideId "4122151"]
[BlackFideId "4150120"]
[EventDate "2014.04.07"]

1. d4 Nf6 2. c4 e6 3. g3 d5 4. Bg2 Be7 5. Nf3 O-O 6. O-O dxc4 7. Qc2 a6 8. Qxc4
b5 9. Qc2 Bb7 10. Bd2 Be4 11. Qc1 c6 12. Rd1 Nbd7 13. Nc3 Bg6 14. Bf4 Rc8 15.
Ne5 Nxe5 16. Bxe5 Qb6 17. a4 Rfd8 18. h3 Nd5 19. axb5 axb5 20. Nxd5 cxd5 21. Qe3
Bc2 22. Rdc1 b4 23. g4 b3 24. Ra4 Ra8 25. Rca1 Qb7 26. Qc1 Bf8 27. Bf3 Rdc8 28.
Qf1 Qc6 29. Ra7 Bg6 30. Bf4 h6 31. h4 Rxa7 32. Rxa7 Qc2 33. Qa1 Qb1+ 34. Qxb1
Bxb1 35. Rb7 Bc2 36. Bd2 Ra8 37. Kg2 Bd6 38. Bc3 Rc8 39. Bd2 Ra8 40. Bc3 g5 41.
h5 Rc8 42. Bd2 Rb8 43. Rxb8+ Bxb8 44. Kf1 f6 45. Bb4 Kf7 46. Ke1 f5 47. e3 fxg4
48. Bxg4 Bh2 49. Ke2 Bf5 50. f3 Bc2 51. Bc5 Bc7 52. Bb4 Bb8 53. Ba3 Bh2 54. Bc5
Bc7 55. Bb4 Bd8 56. Kd2 Bc7 57. Ke2 Bg3 58. Ba3 Bb1 59. Bc5 Bc2 1/2-1/2

[Event "21st TCh-RUS 2014"]
[Site "Loo RUS"]
[Date "2014.04.12"]
[Round "6.2"]
[Board "1"]
[White "Jobava, Baadur"]
[Black "Nepomniachtchi, Ian"]
[Result "1/2-1/2"]
[WhiteTitle "GM"]
[BlackTitle "GM"]
[WhiteElo "2706"]
[BlackElo "2732"]
[WhiteTeam "University (Belorechensk)"]
[BlackTeam "SHSM our inheritance (Moscow)"]
[WhiteFideId "13601520"]
[BlackFideId "4168119"]
[EventDate "2014.04.07"]

1. e4 c5 2. Nc3 d6 3. Nge2 Nf6 4. g3 g6 5. Bg2 Bg7 6. d3 Nc6 7. f4 Rb8 8. h3 Nd7
9. O-O b5 10. e5 Nd4 11. exd6 exd6 12. Ne4 Nf6 13. Nxd4 cxd4 14. Nxf6+ Bxf6 15.
f5 Be5 16. Bh6 Bxf5 17. Qd2 Kd7 18. b4 Be6 19. a4 Qc7 20. axb5 Rxb5 21. c4 dxc3
22. Qe3 Rxb4 23. Rxa7 Bd4 24. Rxc7+ Kxc7 25. Qxd4 Rxd4 26. Bg7 Rxd3 27. Bxh8 c2
28. Kh2 Rd1 29. Bb2 d5 30. Kg1 d4 31. Bf3 Rb1 32. Bc1 Bxh3 33. Re1 Bf5 34. Kf2
h5 35. Bd5 f6 36. Bf7 Kc6 37. Ke2 Rb7 38. Be8+ Kc5 39. Ba3+ Kd5 40. Kd2 Rc7 41.
Bb2 Rb7 42. Ba3 Rc7 43. Bb2 Ra7 44. Ra1 Rxa1 45. Bxa1 Be4 46. Bb2 Ke5 47. Ba1
Kf5 48. Bd7+ Kg5 49. Bxd4 f5 50. Be5 Kg4 51. Bb5 g5 52. Be2+ Bf3 53. Bb5 Bd1 54.
Bd7 h4 55. gxh4 gxh4 56. Bd6 h3 57. Bh2 Kg5 58. Kc1 Kg4 1/2-1/2

[Event "21st TCh-RUS 2014"]
[Site "Loo RUS"]
[Date "2014.04.12"]
[Round "6.2"]
[Board "4"]
[White "Grachev, Boris"]
[Black "Landa, Konstantin"]
[Result "1/2-1/2"]
[WhiteTitle "GM"]
[BlackTitle "GM"]
[WhiteElo "2659"]
[BlackElo "2639"]
[WhiteTeam "SHSM our inheritance (Moscow)"]
[BlackTeam "University (Belorechensk)"]
[WhiteFideId "4129199"]
[BlackFideId "4101685"]
[EventDate "2014.04.07"]

1. c4 e6 2. Nc3 d5 3. d4 Nf6 4. Bg5 Be7 5. e3 h6 6. Bh4 O-O 7. Nf3 b6 8. Bd3 Bb7
9. O-O Nbd7 10. cxd5 Nxd5 11. Nxd5 exd5 12. Bxe7 Qxe7 13. Rc1 c5 14. b3 a5 15.
a4 Rfc8 16. Re1 Nf8 17. Re2 cxd4 18. Nxd4 Rxc1 19. Qxc1 Rc8 20. Rc2 Rxc2 21.
Qxc2 Ne6 22. h3 Nxd4 23. exd4 g5 24. Qc3 h5 25. Bc2 h4 26. Qf3 Qe1+ 27. Kh2 Qd2
28. Qf5 Kf8 29. Bd3 Qc3 30. Bb5 Qxd4 31. Qxg5 Qxf2 32. Qd8+ Kg7 33. Qg5+ Kf8 34.
Qd8+ Kg7 35. Qg5+ Kf8 36. Qd8+ 1/2-1/2

[Event "21st TCh-RUS 2014"]
[Site "Loo RUS"]
[Date "2014.04.12"]
[Round "6.2"]
[Board "5"]
[White "Tregubov, Pavel V."]
[Black "Najer, Evgeniy"]
[Result "1/2-1/2"]
[WhiteTitle "GM"]
[BlackTitle "GM"]
[WhiteElo "2620"]
[BlackElo "2655"]
[WhiteTeam "University (Belorechensk)"]
[BlackTeam "SHSM our inheritance (Moscow)"]
[WhiteFideId "4115341"]
[BlackFideId "4118987"]
[EventDate "2014.04.07"]

1. d4 d5 2. c4 c6 3. cxd5 cxd5 4. Bf4 Nc6 5. Nc3 e5 6. Bxe5 Nxe5 7. dxe5 d4 8.
Ne4 Nh6 9. Nd6+ Bxd6 10. exd6 Nf5 11. Nf3 O-O 12. g4 Qa5+ 13. Qd2 Qxd2+ 14. Kxd2
Nxd6 15. Nxd4 Bxg4 16. e3 Ne4+ 17. Ke1 Nc5 18. Rg1 Bd7 19. Rd1 Rac8 20. b3 Rfd8
21. Bc4 Be6 22. Nxe6 Nxe6 23. Ke2 Kf8 24. f4 Rxd1 25. Rxd1 Ke7 26. h4 Rc5 27.
Kf3 g6 28. Rd5 Rxd5 29. Bxd5 b6 30. b4 Ng7 31. e4 Ne6 32. Ke3 Kd6 33. Bc4 f6 34.
a3 h6 35. Bxe6 Kxe6 36. h5 g5 37. b5 Kf7 38. Kf3 Ke7 39. Kg3 Kf7 40. Kg4 Ke6 41.
Kg3 1/2-1/2

[Event "21st TCh-RUS 2014"]
[Site "Loo RUS"]
[Date "2014.04.12"]
[Round "6.2"]
[Board "6"]
[White "Potkin, Vladimir"]
[Black "Aleksandrov, Aleksej"]
[Result "1/2-1/2"]
[WhiteTitle "GM"]
[BlackTitle "GM"]
[WhiteElo "2617"]
[BlackElo "2539"]
[WhiteTeam "SHSM our inheritance (Moscow)"]
[BlackTeam "University (Belorechensk)"]
[WhiteFideId "4131061"]
[BlackFideId "13500139"]
[EventDate "2014.04.07"]

1. c4 e6 2. Nc3 Nf6 3. e4 d5 4. e5 d4 5. exf6 dxc3 6. bxc3 Qxf6 7. d4 b6 8. Be2
Bb7 9. Bf3 Bxf3 10. Nxf3 Bd6 11. Qa4+ c6 12. O-O O-O 13. Re1 Rc8 14. c5 bxc5 15.
Bg5 Qf5 16. dxc5 Qxc5 17. Rad1 Bc7 18. h4 a5 19. h5 h6 20. Bxh6 gxh6 21. Qg4+
Kh8 22. Rxe6 fxe6 23. Qxe6 Qf8 24. Nh4 Rd8 25. Rxd8 Qxd8 26. Qxh6+ Kg8 27. Qe6+
Kf8 28. Qf5+ Ke8 29. Qg6+ Kd7 30. Qg4+ Kd6 31. Qd4+ Ke6 32. Qg4+ Kd6 33. Qd4+
Ke6 34. Qg4+ Kd6 1/2-1/2

[Event "21st TCh-RUS 2014"]
[Site "Loo RUS"]
[Date "2014.04.12"]
[Round "6.3"]
[Board "1"]
[White "Svidler, Peter"]
[Black "Sjugirov, Sanan"]
[Result "1-0"]
[WhiteTitle "GM"]
[BlackTitle "GM"]
[WhiteElo "2756"]
[BlackElo "2653"]
[WhiteTeam "St. Petersburg"]
[BlackTeam "Lada (Samara region)"]
[WhiteFideId "4102142"]
[BlackFideId "4189302"]
[EventDate "2014.04.07"]

1. e4 c5 2. Nf3 d6 3. d4 cxd4 4. Nxd4 Nf6 5. Nc3 a6 6. Be3 e5 7. Nb3 Be7 8. f3
Be6 9. Qd2 O-O 10. O-O-O Nbd7 11. g4 b5 12. Rg1 Nb6 13. Na5 Rc8 14. g5 Nh5 15.
Kb1 g6 16. a3 Qc7 17. Nd5 Nxd5 18. exd5 Bxd5 19. Qxd5 Qxa5 20. Rg4 Ng7 21. h4
Qc7 22. c4 Ne6 23. Bd3 Qb8 24. cxb5 Nc7 25. Qb3 d5 26. h5 Nxb5 27. Bxb5 d4 28.
Bxd4 exd4 29. Ba4 Qxb3 30. Bxb3 gxh5 31. Rgxd4 Kg7 32. f4 Rcd8 33. Re4 Bc5 34.
Rh1 Rd2 35. Rc4 Rb8 36. Rh3 Bd4 37. Kc1 Rxb2 38. Bc2 Bf2 39. f5 Ra2 40. f6+ Kg8
41. Rb3 Re8 42. Kb1 Rxc2 43. Rxc2 Bh4 44. Rc5 h6 45. gxh6 Bxf6 46. Rxh5 Bd4 47.
Rb7 1-0

[Event "21st TCh-RUS 2014"]
[Site "Loo RUS"]
[Date "2014.04.12"]
[Round "6.3"]
[Board "2"]
[White "Bukavshin, Ivan"]
[Black "Vitiugov, Nikita"]
[Result "0-1"]
[WhiteTitle "GM"]
[BlackTitle "GM"]
[WhiteElo "2608"]
[BlackElo "2747"]
[WhiteTeam "Lada (Samara region)"]
[BlackTeam "St. Petersburg"]
[WhiteFideId "4199758"]
[BlackFideId "4152956"]
[EventDate "2014.04.07"]

1. d4 Nf6 2. c4 e6 3. Nf3 b6 4. a3 Bb7 5. Nc3 g6 6. d5 Bg7 7. e4 O-O 8. Be2 exd5
9. exd5 c6 10. O-O cxd5 11. cxd5 Na6 12. Bg5 h6 13. Bh4 Re8 14. Nd4 Nc5 15. Bf3
Ba6 16. Re1 Rxe1+ 17. Qxe1 Qf8 18. Qd1 Re8 19. Ndb5 Bxb5 20. Nxb5 Nfe4 21. Rb1
a6 22. Nc7 Re5 23. d6 f5 24. Be7 Qf7 25. g3 a5 26. b4 Qa2 27. bxc5 Qxf2+ 28. Kh1
Nd2 29. Bd5+ Rxd5 30. Qg1 Qxg1+ 31. Kxg1 Nxb1 32. Nxd5 Bd4+ 33. Kg2 Bxc5 34. Bd8
Nxa3 35. Bxb6 Bxb6 36. Nxb6 Nb5 37. Nxd7 Nxd6 38. Nc5 Ne4 0-1

[Event "21st TCh-RUS 2014"]
[Site "Loo RUS"]
[Date "2014.04.12"]
[Round "6.3"]
[Board "3"]
[White "Dominguez Perez, Leinier"]
[Black "Frolyanov, Dmitry"]
[Result "1-0"]
[WhiteTitle "GM"]
[BlackTitle "GM"]
[WhiteElo "2757"]
[BlackElo "2578"]
[WhiteTeam "St. Petersburg"]
[BlackTeam "Lada (Samara region)"]
[WhiteFideId "3503240"]
[BlackFideId "4151976"]
[EventDate "2014.04.07"]

1. e4 c5 2. Nf3 Nc6 3. d4 cxd4 4. Nxd4 Nf6 5. Nc3 e5 6. Ndb5 d6 7. Bg5 a6 8. Na3
b5 9. Nd5 Be7 10. Bxf6 Bxf6 11. c3 Rb8 12. Nc2 Bg5 13. a4 bxa4 14. Ncb4 Nxb4 15.
cxb4 O-O 16. Rxa4 a5 17. b5 Bd7 18. Nc3 Qb6 19. Bc4 Kh8 20. O-O f5 21. exf5 Bxf5
22. Qe2 Rbc8 23. Kh1 Bd7 24. f3 Bd8 25. Rd1 Qb8 26. Ne4 Bc7 27. b3 Bf5 28. Ng5
h6 29. Ne4 Rcd8 30. Nc3 Bh7 31. Nd5 Rde8 32. Bd3 Bg8 33. Be4 Bb6 34. Rc1 Qd8 35.
Qd2 Bxd5 36. Bxd5 Rf4 37. Be4 Ref8 38. Rac4 Bc5 39. g3 R4f6 40. Qd5 Qb8 41. Qb7
Qe8 42. Kg2 R6f7 43. Qc6 Qb8 44. Rxc5 dxc5 45. Qg6 1-0

[Event "21st TCh-RUS 2014"]
[Site "Loo RUS"]
[Date "2014.04.12"]
[Round "6.3"]
[Board "4"]
[White "Yakovich, Yuri"]
[Black "Movsesian, Sergei"]
[Result "0-1"]
[WhiteTitle "GM"]
[BlackTitle "GM"]
[WhiteElo "2539"]
[BlackElo "2670"]
[WhiteTeam "Lada (Samara region)"]
[BlackTeam "St. Petersburg"]
[WhiteFideId "4100654"]
[BlackFideId "310204"]
[EventDate "2014.04.07"]

1. d4 Nf6 2. c4 e6 3. Nf3 d5 4. Nc3 Bb4 5. cxd5 exd5 6. Bg5 h6 7. Bh4 g5 8. Bg3
Ne4 9. Nd2 Nxg3 10. hxg3 c6 11. e3 Be6 12. Qb3 Qb6 13. a3 Bd6 14. Qc2 Nd7 15.
Bd3 Qc7 16. O-O-O O-O-O 17. Kb1 Kb8 18. Rc1 Nb6 19. Na4 Nxa4 20. Qxa4 Qe7 21.
Nb3 Bc8 22. Nc5 h5 23. Qc2 Qf6 24. Qe2 Rh6 25. Rc3 Rdh8 26. Rhc1 h4 27. gxh4
gxh4 28. Nb3 Rg8 29. e4 dxe4 30. Bxe4 Re8 31. f3 Qg5 32. Qf1 Bf4 33. R1c2 f5 34.
Bxc6 Rxc6 35. Rxc6 bxc6 36. Na5 Ka8 37. Rxc6 Qg8 38. Qb5 Re1+ 39. Kc2 Rc1+ 40.
Kd3 Qe8 0-1

[Event "21st TCh-RUS 2014"]
[Site "Loo RUS"]
[Date "2014.04.12"]
[Round "6.3"]
[Board "5"]
[White "Efimenko, Zahar"]
[Black "Geller, Jakov"]
[Result "1/2-1/2"]
[WhiteTitle "GM"]
[BlackTitle "GM"]
[WhiteElo "2657"]
[BlackElo "2504"]
[WhiteTeam "St. Petersburg"]
[BlackTeam "Lada (Samara region)"]
[WhiteFideId "14107201"]
[BlackFideId "4151984"]
[EventDate "2014.04.07"]

1. Nf3 d5 2. g3 c6 3. Bg2 Nf6 4. d3 Bf5 5. Nh4 Bg4 6. h3 Bc8 7. O-O e5 8. c4
dxc4 9. dxc4 Qxd1 10. Rxd1 Be6 11. b3 a5 12. Nc3 Na6 13. Bb2 Nc5 14. Nf3 Nfd7
15. Ng5 f6 16. Nxe6 Nxe6 17. Ne4 Ndc5 18. Nd6+ Bxd6 19. Rxd6 Ke7 20. Rad1 Rhd8
21. Rxd8 Rxd8 22. Rxd8 Nxd8 23. Bc3 b6 24. Kf1 Ncb7 25. Ke1 c5 26. e3 Nd6 27. f4
e4 28. g4 g6 29. Bf1 Nc6 30. Kd2 Nb4 31. a3 Nc6 32. Kc2 Ke6 33. Be1 Ke7 34. Kc3
Ke6 35. h4 f5 36. g5 Nc8 37. Be2 Nd6 38. h5 Nc8 39. h6 Nd6 40. Bd1 Nc8 41. Bc2
Nd6 42. Bb1 Nb7 43. Kb2 Kd6 44. Bc3 Kd7 45. Bd2 Ke6 46. Be1 Ke7 47. Bc3 Kd7 48.
Bf6 Ke6 49. Bc2 Nd6 50. Kc3 Nb7 51. Bg7 Ke7 52. Bd1 Ke6 53. Kb2 Nd6 54. Bc2 Nb7
55. Ka2 Ke7 56. Bc3 Kd7 57. Be1 Kd6 58. Bc3 1/2-1/2

[Event "21st TCh-RUS 2014"]
[Site "Loo RUS"]
[Date "2014.04.12"]
[Round "6.3"]
[Board "6"]
[White "Mokshanov, Alexey"]
[Black "Khairullin, Ildar"]
[Result "0-1"]
[WhiteTitle "FM"]
[BlackTitle "GM"]
[WhiteElo "2428"]
[BlackElo "2650"]
[WhiteTeam "Lada (Samara region)"]
[BlackTeam "St. Petersburg"]
[WhiteFideId "24121657"]
[BlackFideId "4151348"]
[EventDate "2014.04.07"]

1. e4 c5 2. Nf3 d6 3. Bb5+ Nd7 4. O-O a6 5. Bd3 Ngf6 6. c3 b5 7. Bc2 Bb7 8. d3
g6 9. Re1 Bg7 10. Nbd2 O-O 11. Nf1 e5 12. d4 cxd4 13. cxd4 exd4 14. Nxd4 Re8 15.
Ng3 d5 16. exd5 Rxe1+ 17. Qxe1 Nxd5 18. Nb3 Qc7 19. Bd1 Ne5 20. Be2 Re8 21. Qf1
Nc4 22. a4 h5 23. axb5 axb5 24. Bf3 Nb4 25. Ra7 Nc6 26. Ra2 Qb6 27. Ra1 h4 28.
Ne2 h3 29. Rb1 N6e5 30. Bxb7 Qxb7 31. Nbd4 Qe4 32. Ra1 Nd3 0-1

[Event "21st TCh-RUS 2014"]
[Site "Loo RUS"]
[Date "2014.04.12"]
[Round "6.4"]
[Board "1"]
[White "Smirnov, Pavel"]
[Black "Fedoseev, Vladimir3"]
[Result "0-1"]
[WhiteTitle "GM"]
[BlackTitle "GM"]
[WhiteElo "2624"]
[BlackElo "2663"]
[WhiteTeam "Polytechnic (Nizhny Tagil)"]
[BlackTeam "SDYUSSHOR SHSH Chigorin Chess Club"]
[WhiteFideId "4123425"]
[BlackFideId "24130737"]
[EventDate "2014.04.07"]

1. d4 d5 2. c4 c6 3. cxd5 cxd5 4. Bf4 Nc6 5. e3 Nf6 6. Nc3 Bg4 7. Qb3 Na5 8.
Qa4+ Bd7 9. Qc2 Rc8 10. Bd3 e6 11. Nf3 Bb4 12. O-O h6 13. Ne5 O-O 14. h3 Be8 15.
Rac1 Nd7 16. Qe2 Nxe5 17. Bxe5 Nc4 18. Bh2 Nd6 19. Nb5 Nxb5 20. Bxb5 Qa5 21. a4
Bc6 22. b3 Rfd8 23. Bd3 Bd7 24. Bb5 Bc6 25. Bd3 Qb6 26. Bf4 Be8 27. Bb5 Kf8 28.
Bxe8 Kxe8 29. Be5 Bf8 30. Qb5+ Qxb5 31. axb5 Kd7 32. Ra1 f6 33. Bg3 Bd6 34. Bxd6
Kxd6 35. Rxa7 Kc7 36. Rfa1 Kb6 37. Kf1 Rc3 38. Ra8 Rxa8 39. Rxa8 Kxb5 40. Re8
Rxb3 41. Rxe6 Kc4 42. Re7 Kd3 43. g4 g5 44. Re6 b5 45. Rxf6 b4 46. Rxh6 Rc3 47.
f4 gxf4 48. exf4 b3 49. Rb6 Kc2 50. Kg2 b2 51. Rxb2+ Kxb2 52. g5 Rc8 53. h4 Kc3
54. h5 Kxd4 55. Kf3 0-1